| 000 | 00338 a2200145 4500 | ||
|---|---|---|---|
| 001 | 152912 | ||
| 040 | _cEscola São Tomás de Aquino | ||
| 100 | _aJOSÉ, Elias | ||
| 240 | 1 | 0 |
_aCantigas para entender o tempo _lpor |
| 245 | 1 | 0 | _aCantigas para entender o tempo |
| 362 | 0 | _a2007 | |
| 440 | 1 | _aDimensão | |
| 697 | _aPoesia | ||
| 942 | _cBK | ||
| 999 |
_c152912 _d152912 |
||